Be a Dead Parrot - Sudden Death - Statistics

General Stats
  • This quiz has been taken 383 times
  • The average score is 8 of 16
Answers on the Grid
Answers color-coded by a green-red scale on the quiz's grid according to % correct below.
Kicked the Bucket
Bought the Farm
Expired
Rests in Peace
Demised
Met Its Maker
Deceased
Late
Pushing Up Daisies
Bit the Dust
Gave Up the Ghost
Posthumous
Exanimate
Perished
Snuffed Out
Ex-Parrot
Dancing on the
Ceiling
Hit the Hay
On Hiatus
Out to Lunch
Took a Raincheck
Cooling the Heels
Dogs are Barking
At the Spa
Gone Fishing
Rode the Bus
Full of Beans
Fit as a Fiddle
Outgoing
Pulchritudinal
Veridical
Inveterate
Flavescent
Inguinal
Sold the Store
Twisting in the Wind
 
Answer Stats
Answer % Correct
Deceased
68%
Bit the Dust
63%
Expired
62%
Rests in Peace
61%
Kicked the Bucket
60%
Perished
60%
Met Its Maker
58%
Demised
50%
Snuffed Out
50%
Pushing Up Daisies
48%
Ex-Parrot
43%
Posthumous
42%
Gave Up the Ghost
36%
Late
32%
Bought the Farm
25%
Exanimate
22%
No matching quizzes found
Score Distribution
Percent of People with Each Score
Percentile by Number Answered
Your Score History
You have not taken this quiz